00664 2200253 4500001002100000005001500021035002000036245005500056100001400111250000600125300003500131700001200166260003700178082001200215084001800227020002200245650001700267008004100284990001700325990001700342990001700359990001700376990001700393INLIS00000000000049020190517015908 a0010-11180000331 aBermain Bulu Tangkis /cSutono IR; Editor, Raharjo0 aSutono IR a- aiv, 60 hlm. :bilus. ;c21 cm.0 aRaharjo aSemarang :bCV Aneka Ilmu,c2008 a796.345 a796.345 SUT b a978-979-048-244-9 aBulu Tangkis190517 0  a01713/P/2018 a01714/P/2018 a01715/P/2018 a01716/P/2018 a04305/H/2018